| 000 | 00468nam a2200193Ia 4500 | ||
|---|---|---|---|
| 008 | 170918s9999 xx 000 0 und d | ||
| 020 | _a439216478 | ||
| 050 | _bW727 1998 | ||
| 100 | _aWilliams, Sue | ||
| 245 | _aLet's go visiting/ | ||
| 245 | _cSue Williams ; illustrated by Julie Vivas. | ||
| 260 | _aNew York : | ||
| 260 | _bScholastic, | ||
| 260 | _c1998 | ||
| 300 | _aunpaged : | ||
| 300 | _bcolored illustration ; | ||
| 300 | _c23cm. | ||
| 500 | _aBR | ||
| 999 |
_c341188 _d341188 |
||